Statistics for Every Rupert Holmes song that hit the Billboard hot 100

Click here to take the quiz!

General Stats

  • This quiz has been taken 3 times
  • The average score is 4 of 6

Answer Stats

Peak Chart PositionYearSong% Correct
11979Escape (The Pina Colada Song)
100%
61980Him
100%
321980Answering Machine
50%
681980Morning Man
50%
721978Let's Get Crazy Tonight
50%
561981I Don't Need You
0%

Score Distribution

Percentile by Number Answered

Percent of People with Each Score

Your Score History

You have not taken this quiz